LEADER 01685nam 2200541 450 001 9910466051403321 005 20200917021826.0 035 $a(CKB)3710000000929267 035 $a(MiAaPQ)EBC4458741 035 $a(Au-PeEL)EBL4458741 035 $a(CaPaEBR)ebr11294738 035 $a(CaONFJC)MIL968695 035 $a(OCoLC)962450050 035 $a(EXLCZ)993710000000929267 100 $a20161115h20162016 uy 0 101 0 $aeng 135 $aurcnu|||||||| 181 $2rdacontent 182 $2rdamedia 183 $2rdacarrier 200 10$aMitigating droughts and floods in agriculture $epolicy lessons and approaches /$fOECD 210 1$aParis, [France] :$cOECD Publishing,$d2016. 210 4$dİ2016 215 $a1 online resource (76 pages) $cillustrations, tables 225 1 $aOECD Studies on Water,$x2224-5081 311 $a1-78040-813-7 311 $a1-78040-814-5 320 $aIncludes bibliographical references at the end of each chapters. 410 0$aOECD studies on water. 606 $aWater-supply, Agricultural$xManagement 606 $aDrought management 606 $aFloodplain management 606 $aClimatic changes 606 $aSustainable agriculture 608 $aElectronic books. 615 0$aWater-supply, Agricultural$xManagement. 615 0$aDrought management. 615 0$aFloodplain management. 615 0$aClimatic changes. 615 0$aSustainable agriculture. 676 $a631.7 801 0$bMiAaPQ 801 1$bMiAaPQ 801 2$bMiAaPQ 906 $aBOOK 912 $a9910466051403321 996 $aMitigating droughts and floods in agriculture$92064294 997 $aUNINA LEADER 01459nas 2200445- 450 001 996279912103316 005 20180126055710.4 011 $a2381-2036 035 $a(OCoLC)892329866 035 $a(CKB)3710000000644084 035 $a(CONSER)--2015204154 035 $a(EXLCZ)993710000000644084 100 $a20141005a20uu9999 s-- a 101 0 $aeng 135 $aurcnu|||||||| 181 $ctxt$2rdacontent 182 $cc$2rdamedia 183 $acr$2rdacarrier 200 10$a... Extreme Scaling Workshop 210 1$aPiscataway, NJ :$cIEEE 300 $aProceedings of workshop. 311 $a2381-1986 606 $aHeterogeneous computing$vCongresses 606 $aLarge scale systems$vCongresses 606 $aParallel programming (Computer science)$vCongresses 606 $aLarge scale systems$2fast$3(OCoLC)fst00992666 606 $aHeterogeneous computing$2fast$3(OCoLC)fst00955750 606 $aParallel programming (Computer science)$2fast$3(OCoLC)fst01052939 608 $aConference papers and proceedings.$2fast 615 0$aHeterogeneous computing 615 0$aLarge scale systems 615 0$aParallel programming (Computer science) 615 7$aLarge scale systems. 615 7$aHeterogeneous computing. 615 7$aParallel programming (Computer science) 676 $a004 906 $aCONFERENCE 912 $a996279912103316 996 $a.. Extreme Scaling Workshop$92542096 997 $aUNISA